书目信息 |
| 题名: |
国际共产主义运动史
|
|
| 作者: | ;《国际共产主义运动史》编写组 编 | |
| 分册: | ||
| 出版信息: | 北京 人民出版社 1978.4 |
|
| 页数: | 724页 | |
| 开本: | 20cm | |
| 丛书名: | ||
| 单 册: | ||
| 中图分类: | D1 | |
| 科图分类: | ||
| 主题词: | 国际共产主义运动 | |
| 电子资源: | ||
| ISBN: | ||
| 000 | 00852nam0 2200205 45 | |
| 001 | 0303120942 | |
| 005 | 20060731082612.25 | |
| 010 | @dCNY1.65 | |
| 091 | @a11001.284 | |
| 100 | @a20030312d1978 km y0chiy0120 ea | |
| 101 | 0 | @achi |
| 200 | 1 | @a国际共产主义运动史@AGuo Ji Gong Chan Zhu Yi Yun Dong Shi@e从马克思主义诞生到十月社会主义革命胜利@ECong Ma Ke Si Zhu Yi Dan Sheng Dao Shi Yue She Hui Zhu Yi Ge Ming Sheng Li@f《国际共产主义运动史》编写组编@F《Guo Ji Gong Chan Zhu Yi Yun Dong Shi》Bian Xie Zu Bian |
| 210 | @a北京@c人民出版社@d1978.4 | |
| 215 | @a724页@d20cm | |
| 517 | @a从马克思主义诞生到十月社会主义革命胜利@ACong Ma Ke Si Zhu Yi Dan ShengDao Shi Yue She Hui Zhu Yi Ge Ming Sheng Li | |
| 606 | 0 | @a国际共产主义运动 |
| 690 | @aD1@v3 | |
| 711 | 02 | @a《国际共产主义运动史》编写组@4编 |
| 801 | @aCN@bTSTC@c20060731 | |
| 905 | @dD1@e1:2@f1@b1167 | |
| 国际共产主义运动史:从马克思主义诞生到十月社会主义革命胜利/《国际共产主义运动史》编写组编.-北京:人民出版社,1978.4 |
| 724页;20cm |
| ISBN :CNY1.65 |
| ● |
| 相关链接 |
|
|
|
|
正题名:国际共产主义运动史
索取号:D1/1:2
 
预约/预借
| 序号 | 登录号 | 条形码 | 馆藏地/架位号 | 状态 | 备注 |
| 1 | 0001167 | 001710465 | 密集书库/ [索取号:D1/1:2] | 在馆 | |
| 2 | 0426452 | 204264526 | 密集书库/ [索取号:D1/1:2] | 在馆 | |
| 3 | 0426510 | 204265106 | 密集书库/ [索取号:D1/1:2] | 在馆 | |
| 4 | 0440669 | 204406696 | 密集书库/ [索取号:D1/1:2] | 在馆 |